| 000 | 00396 a2200157 4500 | ||
|---|---|---|---|
| 003 | Nust | ||
| 005 | 20230307141301.0 | ||
| 040 | _cNust | ||
| 082 | _a297.63,HUS | ||
| 100 |
_aHussani,Mohammad Zahid _9109958 |
||
| 245 |
_aRehmatt-e- Kainaat / _cMohammad Zahid Hussani, |
||
| 260 |
_aRawalpindi _bAnsari Autos |
||
| 300 | _a384:p | ||
| 650 |
_aSeerat(S.W) _9109959 |
||
| 942 |
_2ddc _cBK _k297.63,HUS |
||
| 999 |
_c187790 _d187790 |
||